| 000 | 00809nam a2200229 a 4500 | ||
|---|---|---|---|
| 001 | BRCA_7111 | ||
| 005 | 20190320205722.0 | ||
| 008 | 281211s1893----gw-#######---#000-0#ger-# | ||
| 041 | _ager | ||
| 044 |
_agw _p.C66 1893 |
||
| 100 | 1 |
_aConway, Hugh _917681 |
|
| 245 | 1 | 0 |
_aMein erster Klient _bund andere Geschichten _cvon Hugh Conway ; Autorisierte Uebersetzung von Auguste Scheibe. |
| 260 |
_aStuttgart, Alemania _bJ. Engelhorn _c1893 |
||
| 300 |
_a159 p. _c19 cm. |
||
| 440 | 0 |
_aEngelhorns Allgemeine Romanbibliothek. Eine Auswahl der besten modernen Romane aller Völker. Neunter Jahrgang. _v15 _917682 |
|
| 500 | _aEstado fisíco: cubiertas desprendidas, lomo deteriorado | ||
| 500 | _aO128 | ||
| 650 | 1 | 4 |
_aFicción _916263 |
| 700 | 1 |
_aScheibe, Auguste _etr. _917683 |
|
| 902 | _aGFM | ||
| 942 |
_2lcc _cB |
||
| 999 |
_c6792 _d6792 |
||